Intelectuales y educación superior en Chile: de la independencia a la Democracia Transicional, 1810-2001
Saved in:
| Hovedforfatter: | |
|---|---|
| Format: | Bog |
| Sprog: | spansk |
| Udgivet: |
Santiago
Chile América
2003
|
| Fag: | |
| Tags: |
Tilføj Tag
Ingen Tags, Vær først til at tagge denne postø!
|
MARC
| LEADER | 00000cam a2200000 a 4500 | ||
|---|---|---|---|
| 001 | UCK1619 | ||
| 003 | CL-VaPUC | ||
| 008 | 041119e20030000CL |||||||||||||||||spa|d | ||
| 020 | |a 956211113X | ||
| 082 | 0 | 4 | |a 378.83 |b HEN |2 21 |
| 100 | 0 | |a Henry, Robert Austin |e author |9 489532 | |
| 245 | 1 | 0 | |a Intelectuales y educación superior en Chile: de la independencia a la Democracia Transicional, 1810-2001 |
| 300 | |a 228 p | ||
| 942 | |c BK | ||
| 945 | |d 20041119 00:00:00 |a cmena | ||
| 260 | |a Santiago |b Chile América |c 2003 | ||
| 650 | 0 | |a Educación superior |9 223851 | |
| 650 | 0 | |a Historia de la educación |9 257642 | |
| 650 | 0 | |a Movimientos sociales |9 315241 | |
| 650 | 0 | |a Cambio social |9 256857 | |
| 650 | 0 | |a Clases sociales |9 256858 | |
| 650 | 0 | |a Fuerzas Armadas |9 255504 | |
| 651 | 7 | |a CHILE |2 CL-VaPUC |9 489533 | |
| 583 | |a last modification |c 20151201 10:11:06 |k Rodrigo Vera | ||
| 999 | |c 311519 |d 311517 | ||
| 952 | |0 0 |1 0 |4 0 |6 378_830000000000000_HEN_2003 |7 0 |8 A |9 380960 |a BIBEDU |b BIBEDU |d 2019-11-21 |i 408084K |o 378.83 HEN 2003 |p 408084K |r 2019-11-21 |w 2019-11-21 |y BK |k EBA | ||
| 952 | |0 0 |1 0 |4 0 |6 378_830000000000000_HEN_2003 |7 0 |8 A |9 380961 |a BIBHIS |b BIBHIS |d 2019-11-21 |i 4885171 |l 2 |o 378.83 HEN 2003 |p 4885171 |r 2025-01-20 |s 2022-11-15 |w 2019-11-21 |y BK |k HIS | ||